| 000 | 00763nam a22002177a 4500 | ||
|---|---|---|---|
| 999 |
_c7915 _d7915 |
||
| 001 | 7915 | ||
| 003 | BD-JhCC | ||
| 005 | 20180215115352.0 | ||
| 008 | 171016s20032009bg |||| ||a| 000 0 ben d | ||
| 035 | _a(BD-JhCC)7915 | ||
| 040 |
_aBD-JhCC _dBD-JhCC |
||
| 041 | _aben | ||
| 082 |
_a001 _bMOZ 2003 |
||
| 100 | _aমজুমদার, মোঃ জাহাঙ্গীর হোসেন | ||
| 245 |
_aসাধারণ জ্ঞান বর্তমান বিশ্ব / _cমোঃ জাহাঙ্গীর হোসেন মজুমদার |
||
| 260 |
_aঢাকা : _bএডুকেয়ার প্রকাশন, _c2003. |
||
| 300 |
_a468 p. : _c22 cm. |
||
| 650 | _aGeneral Knoeledge | ||
| 942 |
_2ddc _cBK |
||